Loading...
| Current Events | 2 | 15.00 | 100% | 50% | 0% |
| Fine Arts - Classical Music | 8 | 16.25 | 88% | 63% | 13% |
| Fine Arts - Other | 9 | 14.44 | 100% | 44% | 0% |
| Fine Arts - Painting and Sculpture | 8 | 17.50 | 100% | 63% | 13% |
| Geography | 1 | 10.00 | 100% | 0% | 0% |
| History - American | 5 | 10.00 | 100% | 0% | 0% |
| History - European | 7 | 14.29 | 100% | 29% | 14% |
| History - Other | 6 | 20.00 | 100% | 67% | 33% |
| History - World | 7 | 10.00 | 86% | 14% | 0% |
| Literature - American | 7 | 15.71 | 100% | 43% | 14% |
| Literature - British | 3 | 13.33 | 100% | 33% | 0% |
| Literature - European | 6 | 13.33 | 83% | 50% | 0% |
| Literature - World | 7 | 17.14 | 100% | 71% | 0% |
| Mythology | 6 | 18.33 | 100% | 67% | 17% |
| Other Academic | 3 | 13.33 | 67% | 33% | 33% |
| Philosophy | 4 | 15.00 | 100% | 50% | 0% |
| Pop Culture | 2 | 25.00 | 100% | 100% | 50% |
| Religion | 6 | 13.33 | 100% | 17% | 17% |
| Science - Biology | 5 | 12.00 | 80% | 20% | 20% |
| Science - Chemistry | 8 | 16.25 | 100% | 63% | 0% |
| Science - Other | 9 | 13.33 | 100% | 33% | 0% |
| Science - Physics | 10 | 15.00 | 100% | 30% | 20% |
| Social Science | 6 | 15.00 | 100% | 50% | 0% |